Od prameňa Gangy po indický Tibet

Bibliographic Details
Main Author: Krno, Svetozár, 1955- (Author)
Other Authors: Adamovičová, Adriana (Photographer), Klas, Michal (Photographer), Molt, Štěpán (Photographer), Pocchišvili, Moris (Illustrator)
Format: Book
Language:Slovak
PhysicalDescription:156 s., [32] s. fotogr. príl. fotogr., ilustr., mp., tab. 24 cm
Published: Bratislava Karpaty-Infopress 2013
ISBN:9788097125615
Series:Hory - diaľavy
Subjects:

MARC

LEADER 00000cam a2200000 a 4500
001 vtls010600974
003 SK-MaSNL
005 20260301133806.0
008 240318s2013 xo oab g 001 0 slo
015 |a SNBA2014/07 
020 |a 9788097125615  |q (viaz.) 
035 |a 8CDFA94F-FB98-465F-9E04-2175BA4B82A5 
035 |a urn:nbn:sk:snk-amjond 
035 |a urn:nbn:sk:snk-am003bps 
040 |a SNK  |b slo  |c SNK  |e AACR2 
041 0 |a slo  |b eng  |b rus 
043 |a a-ii--- 
044 |a xo  |c SK 
072 7 |a 91  |x Geografia ako veda. Výskum. Cestovanie  |2 konspekt 
080 |a 910.4  |2 2001 
080 |a 908(540-17)  |2 2001 
080 |a (0:82-992)  |2 2001 
100 1 |a Krno, Svetozár,  |d 1955-  |4 aut  |9 85815 
245 1 0 |a Od prameňa Gangy po indický Tibet  |c Svetozár Krno ; [foto: Adriana Adamovičová, Michal Klas, Štěpán Molt ; kresby: Moris Pocchvišvili] 
260 |a Bratislava  |b Karpaty-Infopress  |c 2013 
300 |a 156 s., [32] s. fotogr. príl.  |b fotogr., ilustr., mp., tab.  |c 24 cm 
490 1 |a Hory - diaľavy ;  |v č. 7 
504 |a Bibliogr. odkazy ; bibliogr.: s. 152-155 ; men. reg. ; pozn. 
546 |a Res. angl., rus. a slov. 
650 0 7 |a výskumné expedície  |2 SNKPH  |9 79794 
650 0 7 |a Research expeditions  |2 SNKPHeng  |9 343147 
651 7 |a India  |2 SNKPH  |9 13358 
655 7 |a cestopisy  |2 SNKPH  |9 70220 
655 7 |a Books of travels  |2 SNKPHeng  |9 280380 
700 1 |a Adamovičová, Adriana  |4 pht  |9 486761 
700 1 |a Klas, Michal  |4 pht  |9 486762 
700 1 |a Molt, Štěpán  |4 pht  |9 486763 
700 1 |a Pocchišvili, Moris  |4 ill  |9 308188 
830 0 |a Hory - diaľavy  |9 427542 
919 |a 978-80-971256-1-5 
958 |a NB 
999 |c 754759  |d 756689 
952 |a SNK  |b SNK  |y PREZ  |7 0  |p 17A1111584  |o snkSC 159840  |i snk2014/13126  |8 0  |0 0  |1 0  |4 0  |d 2014-06-04  |f 1  |l 0  |r 2025-08-21 00:00:00  |w 2026-02-23 
952 |a SNK  |b SNK  |y VYP  |7 0  |p 17A1113453  |o snkSC 159840 D1  |i snk2014/15655  |8 0  |0 0  |1 0  |4 0  |d 2014-07-21  |l 0  |r 2026-02-23 23:45:28  |w 2026-02-23